Every Indie-Folk Revival Artist - Statistics

General Stats
  • This quiz has been taken 10 times
  • The average score is 7 of 35
Answer Stats
Answer % Correct
Mumford & Sons
67%
The Lumineers
67%
Bon Iver
56%
Of Monsters and Men
44%
First Aid Kit
33%
Fleet Foxes
33%
Hozier
33%
Bear's Den
22%
Ben Howard
22%
Gregory Alan Isakov
22%
Hollow Coves
22%
Iron & Wine
22%
James Bay
22%
Noah and the Whale
22%
Passenger
22%
The Head and the Heart
22%
The Paper Kites
22%
Vance Joy
22%
Benjamin Francis Leftwich
11%
Blind Pilot
11%
Brandi Carlile
11%
Caamp
11%
Edward Sharpe & the Magnetic Zeros
11%
George Ezra
11%
Kodaline
11%
Lord Huron
11%
Radical Face
11%
The Avett Brothers
11%
The Decemberists
11%
Watchhouse/Mandolin Orange
11%
Angus & Julia Stone
0%
Dawes
0%
Jose Gonzalez
0%
Nathaniel Rateliff
0%
The Tallest Man on Earth
0%
No matching quizzes found
Score Distribution
Percent of People with Each Score
Percentile by Number Answered
Your Score History
You have not taken this quiz